Responses for Show #3689 - Thursday, September 21, 2000

Andrew Garen game 2.

Contestants

[<< previous game]

Rick Schweitzer, an attorney from Alexandria, Virginia

Melissa Gaul, a quality assurance manager from Shoreview, Minnesota

Andrew Garen, a project manager from Mamaroneck, New York (whose 1-day cash winnings total $15,000)

[next game >>]

Jeopardy! Round responses

VICE PRESIDENTS
TV GUIDE'S 50 GREATEST CHARACTERS
THE WHEEL THING
FIRST NAME'S THE SAME
TIGER
"WOOD"s
    $100 1
Richard Nixon

Rick
    $100 18
Mr. Spock

Melissa
    $100 20
(A: What is a baby bumper car?)

Baby buggy

AndrewRick
    $100 13
Kevin

Melissa
    $100 10
Whiskers

Rick
    $100 6
Woodwind

Andrew
    $200 2
Hubert Humphrey

Melissa
    $200 19
Lucy Ricardo

Andrew
    $200 22
(A: What is the cook wagon?)

Chuck wagon

Andrew
Triple Stumper
    $200 14
(A: What is Kyle?)

Ray

AndrewRick
    $200 11
(M: What is pink?)

Blue

AndrewMelissa
    $200 7
Woodstock

Andrew
    $300 3
Theodore Roosevelt

Andrew
    $300 26
J.R. Ewing

Rick
    $300 23
Scooter

Andrew
    $300 15
Benjamin

Rick
    $300 21
Nepal

Andrew
    $300 8
Woodworking

Rick
    $500 4
(Alex: Took over after William Henry Harrison died in 1841.)

John Tyler

Andrew
    $400 27
Xena

Andrew
    $400 24
(A: What is a rocker?)

Trolley

Andrew
Triple Stumper
    $400 16
Eva

Andrew
    $400 29
Throat

Melissa
    $400 9
(A: What is the woodpile?)
(M: What is the wood shack?)

Woodshed

AndrewMelissa
Triple Stumper
    $500 5
Walter Mondale

Andrew
    $500 28
(Alex: By the way, No. 1 on the list was Louie de Palma from "Taxi")

Kojak

Andrew
    $500 25
Guillotine

Andrew
    $500 17
Alfred

Melissa
    $500 30
Siberian tiger

Melissa
    $500 12
(R: What is woodblock?)
(Alex: (at break) Rick, our judges have decided that your response is acceptable, so you get $1,000 added to your total.)

Woodcut

AndrewRick

Scores at the first commercial break (after clue 14):

Andrew Melissa Rick
$1,700 -$300 $1,200

Scores at the end of the Jeopardy! Round:

Andrew Melissa Rick
$3,600 $1,200 $1,900

Double Jeopardy! Round responses

INTERNATIONAL DATEBOOK
20th CENTURY MUSIC
"SY"ENCE
STATES' MOST POPULOUS CITIES
___THE___
TIGER WOODS
    $200 6
Lebanon

Melissa
    $200 1
Smile

Rick
    $200 15
Systolic

Andrew
    $200 19
(A: What is Bismarck?)

Charlotte

AndrewRick
    $200 24
Take the cake

Melissa
    $200 2
Orlando

Rick
    $400 7
Fidel Castro

Triple Stumper
    $400 8
(M: Who is Gaye?)

Lou Rawls

Melissa
Triple Stumper
    $1,500 16
Synapses

Andrew
    $400 20
Birmingham

Rick
    $400 25
In the round

Andrew
    $400 3
Jack Nicklaus

Triple Stumper
    $600 10
Scotland

Rick
    $600 9
Tracy Chapman

Andrew
    $600 17
Symbiotic/symbiosis

Andrew
    $600 21
(M: What is Juneau?)

Anchorage

MelissaRick
    $1,000 26
(A: What is hit the trail?)

Beat the Bushes

Andrew
    $600 4
Pebble Beach

Rick
    $800 12
Dominican Republic

Andrew
    $800 14
Tito Puente

Triple Stumper
    $800 18
Symmetry

Rick
    $800 22
(A: What is Rapid City?)
(M: What is Bismarck?)

Sioux Falls

AndrewMelissaRick
    $800 27
Beside the point

Rick
    $800 5
Stanford

Andrew
    $1000 13
Macao

Rick
    $1000 30
(A: Who is Madonna?)

Mariah Carey

Andrew
Triple Stumper
    $1000 29
Symposium

Andrew
    $1000 23
Burlington

Andrew
    $1000 28
Pass the torch

Melissa
    $1000 11
Bob May

Rick

Scores at the end of the Double Jeopardy! Round:

Andrew Melissa Rick
$7,500 $800 $9,100

[wagering suggestions for these scores]

Final Jeopardy! Round responses

LITERARY TREES
[Tara--reference to Gone With the Wind]
MelissaWhat is willow?
$700
AndrewWhat is magnolia?
$2,000
RickWhat is a sycamore
$6,000
magnolia

Final scores:

Andrew Melissa Rick
$9,500 $100 $3,100
2-day champion: $24,500 3rd place: Furniture.com Gift Certificate 2nd place: Vacation courtesy of Yahoo! Travel

Game dynamics:

Coryat scores:

Andrew Melissa Rick
$7,300 $800 $9,100
23 R
(including 2 DDs),
9 W
(including 1 DD)
9 R,
5 W
20 R,
0 W

Combined Coryat: $17,200

[game] [game scores] [suggest correction]

Game tape date: 2000-08-22
The J! Archive is created by fans, for fans. Scraping, republication, monetization, and malicious use prohibited; this site may use cookies and collect identifying information. See terms. The Jeopardy! game show and all elements thereof, including but not limited to copyright and trademark thereto, are the property of Jeopardy Productions, Inc. and are protected under law. This website is not affiliated with, sponsored by, or operated by Jeopardy Productions, Inc. Join the discussion at JBoard.tv.